[Event "X OPEN INTERNACIONAL"]
[Site "Arrasate"]
[Date "2010.10.08"]
[Round "1.1"]
[White "Montolio Benedicto, Cesar"]
[Black "Franco Alonso, Alejandro"]
[Result "0-1"]
[WhiteElo "1987"]
[BlackElo "2490"]
[PlyCount "60"]
[EventDate "2010.10.08"]

1. d4 Nf6 2. c4 c5 3. d5 b5 4. cxb5 a6 5. bxa6 Bxa6 6. Nc3 d6 7. e4 Bxf1 8.
Kxf1 g6 9. Nf3 Nbd7 10. h3 Bg7 11. Be3 O-O 12. Kg1 Qa5 13. Kh2 Rfb8 14. Qc2 Ne8
15. Rhc1 Nc7 16. Kg1 Qa6 17. Kh1 Nb5 18. Nxb5 Qxb5 19. a4 Qxb2 20. Ra2 Qxc2 21.
Rcxc2 Rb4 22. Nd2 Rbxa4 23. Rxa4 Rxa4 24. f3 Ne5 25. Kg1 f5 26. Kf1 Nd3 27. Ke2
Nb4 28. Rc1 Ra2 29. Kf1 f4 30. Bxf4 Nd3 0-1

[Event "X OPEN INTERNACIONAL"]
[Site "Arrasate"]
[Date "2010.10.08"]
[Round "1.2"]
[White "Argandoña Riveiro, Iñigo"]
[Black "Irure Crespo, Egoitz"]
[Result "1-0"]
[WhiteElo "2408"]
[BlackElo "1977"]
[PlyCount "49"]
[EventDate "2010.10.08"]

1. Nf3 d5 2. d4 Nf6 3. c4 e6 4. g3 dxc4 5. Bg2 Nc6 6. O-O Rb8 7. e3 Be7 8. Qe2
b5 9. Rd1 O-O 10. e4 Bb7 11. Nc3 a6 12. d5 exd5 13. e5 d4 14. exf6 Bxf6 15. Ne4
Re8 16. Nxf6+ Qxf6 17. Qd2 d3 18. Qf4 Qxf4 19. Bxf4 Re2 20. b3 Ba8 21. Bd2 f6
22. Rac1 Ne5 23. Nxe5 Bxg2 24. Nd7 Rbe8 25. Kxg2 1-0

[Event "X OPEN INTERNACIONAL"]
[Site "Arrasate"]
[Date "2010.10.08"]
[Round "1.3"]
[White "Miguelez Garcia, Erlantz"]
[Black "Astasio Lopez, David"]
[Result "0-1"]
[WhiteElo "1974"]
[BlackElo "2317"]
[PlyCount "117"]
[EventDate "2010.10.08"]

1. d4 d5 2. c4 e6 3. Nc3 Nf6 4. cxd5 exd5 5. Bg5 c6 6. e3 Nbd7 7. Bd3 Bd6 8.
Qc2 Nf8 9. Nge2 Ng6 10. O-O-O h6 11. Bxg6 hxg5 12. Bf5 g6 13. Bxc8 Rxc8 14. f3
Kf8 15. Kb1 Kg7 16. e4 dxe4 17. fxe4 Ng4 18. Qb3 Qb6 19. Qxb6 axb6 20. e5 Be7
21. Ne4 Rcd8 22. h3 Ne3 23. Rd3 Nxg2 24. Rf1 Rh4 25. N4g3 Nf4 26. Rdf3 Rdh8 27.
Nxf4 Rxf4 28. Ne4 Rxf3 29. Rxf3 Rd8 30. Rd3 Bc5 31. Nxg5 Rxd4 32. Rf3 Rd7 33.
e6 fxe6 34. Nxe6+ Kh6 35. Kc2 Re7 36. Nxc5 bxc5 37. a4 Kh5 38. b3 Kh4 39. a5
Re2+ 40. Kc3 Ra2 41. Rf7 Rxa5 42. Rxb7 g5 43. Rh7+ Kg3 44. Rh5 Kf4 45. Rh6 Ra6
46. Kc4 Rb6 47. Kxc5 Rxb3 48. Kxc6 Rd3 49. Rh8 Ke5 50. h4 g4 51. h5 Rh3 52. h6
Kf4 53. h7 Kg3 54. Kd5 Rh4 55. Ke5 Kh3 56. Kf6 g3 57. Kf5 g2 58. Rg8 Rxh7 59.
Kf4 0-1

[Event "X OPEN INTERNACIONAL"]
[Site "Arrasate"]
[Date "2010.10.08"]
[Round "1.4"]
[White "Miguel Quintero, Francisco"]
[Black "Etxagibel Larrañaga, Asier"]
[Result "1/2-1/2"]
[WhiteElo "2251"]
[BlackElo "1964"]
[PlyCount "56"]
[EventDate "2010.10.08"]

1. d4 d5 2. Nf3 Nf6 3. g3 c6 4. Bg2 a6 5. O-O e6 6. Nbd2 Be7 7. c3 O-O 8. Qc2
b6 9. e4 Bb7 10. exd5 cxd5 11. Ne5 Nbd7 12. Ndf3 Rc8 13. Re1 b5 14. Bh3 Ne4 15.
Nxd7 Qxd7 16. Ne5 Qc7 17. f3 Nf6 18. a3 a5 19. Bf4 Qb6 20. Qd3 b4 21. axb4 axb4
22. g4 h6 23. Qe3 Ra8 24. g5 hxg5 25. Bxg5 Rxa1 26. Rxa1 Ra8 27. Rxa8+ Bxa8 28.
Nd7 Qa5 1/2-1/2

[Event "X OPEN INTERNACIONAL"]
[Site "Arrasate"]
[Date "2010.10.08"]
[Round "1.5"]
[White "Ruiz Martinez, Isidro"]
[Black "Miguel Quintero, Antonio"]
[Result "1-0"]
[WhiteElo "1955"]
[BlackElo "2185"]
[PlyCount "121"]
[EventDate "2010.10.08"]

1. e4 c5 2. Nf3 e6 3. d4 cxd4 4. Nxd4 a6 5. g3 d5 6. Bg2 dxe4 7. O-O e5 8. Nb3
Qxd1 9. Rxd1 f5 10. Nc3 Nf6 11. Be3 Nbd7 12. Nd5 Nxd5 13. Rxd5 b6 14. Rad1 Be7
15. f3 exf3 16. Bxf3 e4 17. Be2 Bf6 18. Bd4 O-O 19. Rxd7 Bxd7 20. Bxf6 Rxf6 21.
Rxd7 f4 22. gxf4 Rxf4 23. Nd4 Rf6 24. Re7 Rg6+ 25. Kf2 Rf8+ 26. Ke3 Rg2 27. h4
Rg3+ 28. Kxe4 b5 29. a3 h6 {(=)} 30. c3 Rf2 31. Re6 g5 32. hxg5 hxg5 33. Rxa6
Rf4+ 34. Kd5 Rg2 35. Bd3 Rxb2 36. Rg6+ Kf7 37. Rxg5 Rd2 38. Bxb5 Rf3 39. Kc4
Rh3 40. a4 Rd1 41. a5 Rdd3 42. Ne2 Kf6 43. Rc5 Rd2 44. Nd4 Rdd3 45. Kb4 Rd1 46.
a6 Rh7 47. Rc6+ Ke5 48. Rb6 Rb1+ 49. Nb3 Ra7 50. c4 Rg1 51. c5 Rg4+ 52. Bc4
Rgg7 53. Na5 Ra8 54. Nc6+ Kf4 55. Rb7 Rg6 56. Nb8 Ke5 57. a7 Rg1 58. c6 Rb1+
59. Kc5 Rxb7 60. cxb7 Rxa7 61. Nc6+ 1-0

[Event "X OPEN INTERNACIONAL"]
[Site "Arrasate"]
[Date "2010.10.08"]
[Round "1.6"]
[White "Alcaide Luque, Aitor"]
[Black "Villar Moron, Roberto"]
[Result "1-0"]
[WhiteElo "2182"]
[BlackElo "1931"]
[PlyCount "59"]
[EventDate "2010.10.08"]

1. d4 Nf6 2. Bg5 g6 3. Bxf6 exf6 4. e3 Bg7 5. g3 Nc6 6. Bg2 Qe7 7. a3 f5 8. Ne2
O-O 9. O-O Nd8 10. c4 c5 11. Nbc3 d6 12. Nd5 Qd7 13. Qc2 Nc6 14. dxc5 dxc5 15.
Rad1 Qd8 16. Nb4 Nxb4 17. axb4 Qb6 18. b5 a6 19. Nf4 Be6 20. Nxe6 fxe6 21. Rd7
Rf7 22. Rxf7 Kxf7 23. Rd1 axb5 24. Rd7+ Kf8 25. h4 Ra7 {(=)} 26. Qd2 Bf6 27.
Rxh7 Be7 28. Qd7 Qd6 29. Qc8+ Bd8 30. Rd7 1-0

[Event "X OPEN INTERNACIONAL"]
[Site "Arrasate"]
[Date "2010.10.08"]
[Round "1.7"]
[White "Ruiz Abad, Juan Manuel"]
[Black "Villalta Bustillo, Igor"]
[Result "0-1"]
[WhiteElo "1896"]
[BlackElo "2157"]
[PlyCount "68"]
[EventDate "2010.10.08"]

1. e4 e5 2. Nf3 Nf6 3. Nxe5 d6 4. Nf3 Nxe4 5. d4 d5 6. Bd3 Nc6 7. O-O Be7 8. c4
Nb4 9. cxd5 Nxd3 10. Qxd3 Qxd5 11. Nc3 Nxc3 12. bxc3 O-O 13. c4 Qf5 14. Qb3 Bf6
15. Ba3 Rd8 16. Rfe1 Be6 17. d5 Bd7 18. Rad1 b6 19. Bb2 Re8 20. Nd4 Qg6 21. Nb5
Bg4 22. f3 Bh3 23. g3 Re7 24. Rxe7 Bxe7 25. Nxc7 Bd6 26. Nxa8 Bxg3 27. Qd3
Bxh2+ 28. Kf2 Qg2+ 29. Ke3 Qxb2 30. Qe4 g5 31. d6 Bf4+ 32. Kd3 Qa3+ 33. Ke2
Qxa2+ 34. Ke1 Bg3# 0-1

[Event "X OPEN INTERNACIONAL"]
[Site "Arrasate"]
[Date "2010.10.08"]
[Round "1.8"]
[White "Prieto Aranguren, Alain"]
[Black "Alcaide Rodriguez, Mikel"]
[Result "1-0"]
[WhiteElo "2146"]
[BlackElo "1799"]
[PlyCount "57"]
[EventDate "2010.10.08"]

1. d4 d5 2. c4 c6 3. Qc2 Nf6 4. e3 g6 5. Nf3 Bg7 6. b3 O-O 7. Bb2 dxc4 8. bxc4
Bf5 9. Qb3 Qc7 10. Nc3 Nbd7 11. Nh4 c5 12. Nxf5 gxf5 13. d5 f4 14. e4 Qa5 15.
f3 Ne8 16. Bd3 Ne5 17. Be2 Nd6 18. Rc1 a6 19. a4 Qb4 20. Qxb4 cxb4 21. Nd1 b6
22. g3 Rac8 23. gxf4 Nexc4 24. Bxg7 Kxg7 25. e5 Na3 26. Rg1+ Kh8 27. exd6 Rxc1
28. dxe7 Rxd1+ 29. Kxd1 1-0

[Event "X OPEN INTERNACIONAL"]
[Site "Arrasate"]
[Date "2010.10.15"]
[Round "2.1"]
[White "Franco Alonso, Alejandro"]
[Black "Prieto Aranguren, Alain"]
[Result "1/2-1/2"]
[WhiteElo "2490"]
[BlackElo "2146"]
[PlyCount "81"]
[EventDate "2010.10.08"]

1. d4 c6 2. c4 d5 3. Nf3 Nf6 4. e3 e6 5. b3 Nbd7 6. Bb2 Bd6 7. Nbd2 O-O 8. Bd3
b6 9. O-O Bb7 10. Ne5 c5 11. f4 Ne4 12. cxd5 Nxd2 13. Qxd2 exd5 14. Rad1 Nf6
15. Kh1 Ne4 16. Bxe4 dxe4 17. dxc5 Bxe5 18. Bxe5 Qxd2 19. Rxd2 bxc5 20. Bd6
Rfd8 21. Rfd1 Ba6 22. Bxc5 Rxd2 23. Rxd2 Bd3 24. Kg1 a6 25. Kf2 Rc8 26. b4 f5
27. Ke1 Kf7 28. Rb2 Ke6 29. Kd2 Kd5 30. Bd4 g6 31. a4 Rb8 32. g3 Kc4 33. Bc3
Rb7 34. h3 h5 35. b5 axb5 36. Rb4+ Kc5 37. a5 Rb8 38. Ke1 Rb7 39. Kf2 Rb8 40.
Ke1 Rb7 41. Kd2 1/2-1/2

[Event "X OPEN INTERNACIONAL"]
[Site "Arrasate"]
[Date "2010.10.15"]
[Round "2.2"]
[White "Villalta Bustillo, Igor"]
[Black "Argandoña Riveiro, Iñigo"]
[Result "1/2-1/2"]
[WhiteElo "2157"]
[BlackElo "2408"]
[PlyCount "52"]
[EventDate "2010.10.08"]

1. e4 c5 2. Nf3 Nc6 3. d4 cxd4 4. Nxd4 e5 5. Nb5 d6 6. N1c3 a6 7. Na3 b5 8. Nd5
Nce7 9. Nxe7 Bxe7 10. c4 Nf6 11. cxb5 O-O 12. Bc4 Bb7 13. Bg5 Bxe4 14. O-O d5
15. Bb3 Bxa3 16. bxa3 axb5 17. f3 Bg6 18. Bxf6 Qxf6 19. Qxd5 Qb6+ 20. Kh1 Rfe8
21. Rae1 Qb8 22. h3 Kh8 23. f4 exf4 24. Rxe8+ Qxe8 25. Rxf4 h6 26. Rg4 Rb8
1/2-1/2

[Event "X OPEN INTERNACIONAL"]
[Site "Arrasate"]
[Date "2010.10.15"]
[Round "2.3"]
[White "Astasio Lopez, David"]
[Black "Ruiz Martinez, Isidro"]
[Result "1-0"]
[WhiteElo "2317"]
[BlackElo "1955"]
[PlyCount "87"]
[EventDate "2010.10.08"]

1. d4 Nf6 2. Nd2 g6 3. e4 d6 4. Ngf3 Bg7 5. Bc4 Nc6 6. e5 dxe5 7. dxe5 Nd5 8.
O-O Na5 9. Bb5+ c6 10. Bd3 O-O 11. Re1 c5 12. h3 Qc7 13. Nc4 Rd8 14. Nxa5 Qxa5
15. Qe2 h6 16. a3 Be6 17. Bd2 Qc7 18. c4 Nb6 19. Rad1 Na4 20. Rb1 Rd7 21. Bc2
Nb6 22. b3 Rad8 23. Ba5 Qb8 24. Qe3 Rc8 25. Qf4 Rcd8 26. Re2 Rf8 27. Qh4 Qc8
28. Bd2 h5 29. g4 Rxd2 30. Rxd2 Qc6 31. Ng5 Bxe5 32. gxh5 Kg7 33. hxg6 Rh8 34.
Qe4 Qxe4 35. Nxe6+ fxe6 36. Bxe4 Rxh3 37. Bxb7 Kxg6 38. Kg2 Rh5 39. Rd8 Kf5 40.
Rh1 Rg5+ 41. Kf1 Bc3 42. Rh3 Ba5 43. Rf8+ Kg6 44. Rg8+ 1-0

[Event "X OPEN INTERNACIONAL"]
[Site "Arrasate"]
[Date "2010.10.15"]
[Round "2.4"]
[White "Tornay Gomez, Josu"]
[Black "Alcaide Luque, Aitor"]
[Result "0-1"]
[WhiteElo "2123"]
[BlackElo "2182"]
[PlyCount "70"]
[EventDate "2010.10.08"]

1. c4 e6 2. Nf3 Nf6 3. Nc3 d5 4. g3 Be7 5. Bg2 O-O 6. O-O d4 7. Nb5 Nc6 8. d3
e5 9. h3 h6 10. Kh2 Bf5 11. Nd2 Qd7 12. Ne4 a6 13. Na3 Nxe4 14. dxe4 Be6 15. b3
Rfd8 16. Nc2 b5 17. cxb5 axb5 18. Ne1 Nb4 19. Nd3 f6 20. Bd2 Nxd3 21. exd3 c5
22. f4 c4 23. fxe5 fxe5 24. Qh5 Bf8 25. Qxe5 cxb3 26. axb3 Bd6 27. Qh5 Bf7 28.
Rxf7 Qxf7 29. Qxf7+ Kxf7 30. Rxa8 Rxa8 31. e5 Ra2 32. Bd5+ Ke7 33. exd6+ Kxd6
34. Be4 Rxd2+ 35. Kg1 Rb2 0-1

[Event "X OPEN INTERNACIONAL"]
[Site "Arrasate"]
[Date "2010.10.15"]
[Round "2.6"]
[White "Etxagibel Larrañaga, Asier"]
[Black "Hernando Casas, Jose Manuel"]
[Result "1/2-1/2"]
[WhiteElo "1964"]
[BlackElo "2049"]
[PlyCount "71"]
[EventDate "2010.10.08"]

1. d4 d5 2. c4 c6 3. Nf3 Nf6 4. e3 g6 5. Nc3 Bg7 6. Be2 O-O 7. O-O dxc4 8. Bxc4
Nbd7 9. Qc2 Nb6 10. Be2 Be6 11. b3 Nbd5 12. Ba3 a5 13. Nxd5 Nxd5 14. Rac1 Re8
15. Rfd1 Nb4 16. Qd2 Qb6 17. Ne5 Bxe5 18. dxe5 Red8 19. Qb2 Rxd1+ 20. Rxd1 Rd8
21. Qb1 Rxd1+ 22. Bxd1 Qd8 23. Bxb4 axb4 24. Qc2 Bf5 25. Qc1 Qd3 26. f3 Qc3 27.
Qxc3 bxc3 28. e4 Bc8 29. Kf2 b6 30. Ke3 Ba6 31. Kd4 Bf1 32. Kxc3 Bxg2 33. Be2
g5 34. Kd4 Kf8 35. a4 Ke8 36. b4 1/2-1/2

[Event "X OPEN INTERNACIONAL"]
[Site "Arrasate"]
[Date "2010.10.15"]
[Round "2.7"]
[White "Miguel Quintero, Antonio"]
[Black "Ruiz Abad, Juan Manuel"]
[Result "1-0"]
[WhiteElo "2185"]
[BlackElo "1896"]
[PlyCount "43"]
[EventDate "2010.10.08"]

1. e4 c5 2. c3 e6 3. d4 cxd4 4. cxd4 Nf6 5. Nc3 Bb4 6. Bd3 Nc6 7. a3 Be7 8. e5
Nd5 9. Nxd5 exd5 10. Qg4 g6 11. Nf3 d6 12. Qf4 dxe5 13. dxe5 Be6 14. O-O O-O
15. Qh6 f5 16. Re1 Rf7 17. Bg5 Qb6 18. Bf6 Qxb2 19. Ng5 Bxf6 20. exf6 Qxf6 21.
Nxe6 Ne5 22. Qe3 1-0

[Event "X OPEN INTERNACIONAL"]
[Site "Arrasate"]
[Date "2010.10.15"]
[Round "2.8"]
[White "Villar Moron, Roberto"]
[Black "Montolio Benedicto, Cesar"]
[Result "1/2-1/2"]
[WhiteElo "1931"]
[BlackElo "1987"]
[PlyCount "33"]
[EventDate "2010.10.08"]

1. e4 e5 2. Nf3 Nc6 3. Bc4 Bc5 4. c3 Nf6 5. d3 d6 6. Bg5 O-O 7. b4 Bb6 8. O-O
Be6 9. Nbd2 a5 10. a3 axb4 11. axb4 Rxa1 12. Qxa1 Qa8 13. Bxf6 Qxa1 14. Rxa1
gxf6 15. Nh4 Ne7 16. Bxe6 fxe6 17. Nc4 1/2-1/2

[Event "X OPEN INTERNACIONAL"]
[Site "Arrasate"]
[Date "2010.10.15"]
[Round "2.10"]
[White "Alcaide Rodriguez, Mikel"]
[Black "Miguelez Garcia, Erlantz"]
[Result "0-1"]
[WhiteElo "1799"]
[BlackElo "1974"]
[PlyCount "90"]
[EventDate "2010.10.08"]

1. d4 e6 2. c4 Nf6 3. Nf3 d5 4. Bg5 Nbd7 5. cxd5 exd5 6. Nc3 Bb4 7. e3 c5 8. a3
Bxc3+ 9. bxc3 Qa5 10. Qb3 Ne4 11. Rc1 c4 12. Qb4 Qxb4 13. cxb4 a5 14. b5 Nb6
15. Bf4 Bd7 16. Bc7 Na4 17. Nd2 Nxd2 18. Kxd2 Bxb5 19. Rb1 Ba6 20. Be2 Kd7 21.
Bf4 c3+ 22. Ke1 Kc6 23. Bxa6 Rxa6 24. Ke2 Rb6 25. Kd3 Ra8 26. Rxb6+ Kxb6 27.
Kc2 Kc6 28. Kb3 Kb5 29. f3 f5 30. Rc1 Rc8 31. Rc2 Rc4 32. h3 Ka6 33. Be5 g6 34.
e4 fxe4 35. fxe4 b5 36. exd5 Kb7 37. g3 Nb6 38. d6 a4+ 39. Ka2 Kc6 40. Kb1 Nd5
41. Kc1 b4 42. axb4 Nxb4 43. Rf2 Nd3+ 44. Kc2 Nxf2 45. d5+ Kd7 0-1

[Event "X OPEN INTERNACIONAL"]
[Site "Arrasate"]
[Date "2010.10.22"]
[Round "3.1"]
[White "Alcaide Luque, Aitor"]
[Black "Astasio Lopez, David"]
[Result "0-1"]
[WhiteElo "2182"]
[BlackElo "2317"]
[PlyCount "60"]
[EventDate "2010.10.08"]

1. d4 d5 2. c4 e6 3. Nf3 Nf6 4. g3 c6 5. Bg2 dxc4 6. O-O b5 7. Ne5 Bb7 8. Nc3
a6 9. e4 Be7 10. Be3 O-O 11. Qc2 Qc7 12. Rad1 Nbd7 13. Nxd7 Nxd7 14. f4 Rad8
15. e5 Nb6 16. f5 exf5 17. Qxf5 Bc8 18. Qh5 Nd5 19. Bd2 Nxc3 20. bxc3 Be6 21.
Be4 g6 22. Qh6 c5 23. Be3 cxd4 24. Bxd4 Bc5 25. Qe3 Rc8 26. Bc2 Rfd8 27. Rf4
Rd5 28. Re1 Qe7 29. Rh4 Qf8 30. Qg5 Be7 0-1

[Event "X OPEN INTERNACIONAL"]
[Site "Arrasate"]
[Date "2010.10.22"]
[Round "3.2"]
[White "Argandoña Riveiro, Iñigo"]
[Black "Franco Alonso, Alejandro"]
[Result "1/2-1/2"]
[WhiteElo "2408"]
[BlackElo "2490"]
[PlyCount "44"]
[EventDate "2010.10.08"]

1. d4 Nf6 2. c4 c5 3. d5 b5 4. Nd2 bxc4 5. e4 c3 6. bxc3 g6 7. c4 d6 8. Bb2 Bg7
9. Bd3 O-O 10. Ne2 Nbd7 11. O-O Rb8 12. Rb1 Rxb2 13. Rxb2 Nxd5 14. Rb3 Nb4 15.
Bb1 Ba6 16. a3 Nc6 17. Bd3 Nde5 18. f4 Nxd3 19. Rxd3 Qa5 20. Nb3 Qa4 21. Nd2
Qa5 22. Nb3 Qa4 1/2-1/2

[Event "X OPEN INTERNACIONAL"]
[Site "Arrasate"]
[Date "2010.10.22"]
[Round "3.3"]
[White "Miguel Quintero, Francisco"]
[Black "Villalta Bustillo, Igor"]
[Result "1-0"]
[WhiteElo "2251"]
[BlackElo "2157"]
[PlyCount "67"]
[EventDate "2010.10.08"]

1. e4 e5 2. Nf3 Nf6 3. Nc3 Nc6 4. d4 exd4 5. Nxd4 Bb4 6. Nxc6 bxc6 7. Bd3 d5 8.
exd5 cxd5 9. O-O O-O 10. Bg5 c6 11. Qf3 Be7 12. Ne2 Bg4 13. Qf4 Bxe2 14. Bxe2
Nh5 15. Bxh5 Bxg5 16. Qa4 Qb6 17. b3 Rfe8 18. Bf3 Re6 19. Rad1 Rae8 20. Qg4 Be7
21. c4 dxc4 22. Qxc4 Bc5 23. g3 h5 24. Bxh5 Rf6 25. Rd7 Re7 26. Rxe7 Bxe7 27.
Kg2 Bc5 28. Bf3 Bd4 29. Re1 Qd8 30. Re4 Bb6 31. Qe2 Qd7 32. Re8+ Kh7 33. Qe4+
Rg6 34. Bh5 1-0

[Event "X OPEN INTERNACIONAL"]
[Site "Arrasate"]
[Date "2010.10.22"]
[Round "3.4"]
[White "Prieto Aranguren, Alain"]
[Black "Miguel Quintero, Antonio"]
[Result "1-0"]
[WhiteElo "2146"]
[BlackElo "2185"]
[PlyCount "100"]
[EventDate "2010.10.08"]

1. d4 d5 2. c4 e6 3. cxd5 exd5 4. Nc3 Nf6 5. Qc2 Be6 6. Bg5 Be7 7. e3 O-O 8.
Bd3 h6 9. Bh4 Nbd7 10. Nge2 c5 11. O-O Rc8 12. Rad1 Nh5 13. Bxe7 Qxe7 14. Qd2
a6 15. Bb1 cxd4 16. Qxd4 Nhf6 17. Nf4 Rfd8 18. Nfxd5 Nxd5 19. Nxd5 Bxd5 20.
Qxd5 Nf6 21. Qb3 b5 22. Bf5 Rc5 23. Qa3 Rxd1 24. Rxd1 Qd6 25. Qb3 Qc7 26. Bg6
Rc4 27. Bd3 Rc1 28. g3 Ng4 29. Be2 Ne5 30. Qd5 Rxd1+ 31. Bxd1 g6 32. Kg2 Kg7
33. b4 Qc3 34. Bb3 Qc7 35. Qc5 Qb7+ 36. Bd5 Qd7 37. Qd4 f6 38. h3 Nc6 39. Bxc6
Qxc6+ 40. e4 h5 41. Qd5 Qc7 42. h4 Qe7 43. a3 Qc7 44. Qe6 Qb7 45. Kf3 Qa7 46.
g4 hxg4+ 47. Qxg4 Qc7 48. h5 g5 49. Qf5 Qf7 50. Kg4 Qe7 1-0

[Event "X OPEN INTERNACIONAL"]
[Site "Arrasate"]
[Date "2010.10.22"]
[Round "3.5"]
[White "Ruiz Martinez, Isidro"]
[Black "Tornay Gomez, Josu"]
[Result "1-0"]
[WhiteElo "1955"]
[BlackElo "2123"]
[PlyCount "107"]
[EventDate "2010.10.08"]

1. e4 c5 2. Nf3 d6 3. d4 cxd4 4. Nxd4 Nf6 5. Nc3 a6 6. Rg1 Nc6 7. g4 Nxd4 8.
Qxd4 Bxg4 9. Bg5 Bd7 10. O-O-O Qa5 11. Bc4 Rc8 12. Bb3 Qc5 13. Qd2 e6 14. Be3
Qa5 15. Rg5 b5 16. f3 h6 17. Rg2 b4 18. Ne2 Qc7 19. Qxb4 a5 20. Qd4 e5 21. Qb6
Qxb6 22. Bxb6 a4 23. Bd5 Nxd5 24. Rxd5 Be6 25. Ra5 Bxa2 26. Nc3 Be6 27. Nb5 Bb3
28. Nc7+ Kd7 29. cxb3 axb3 30. Kd2 Rxc7 31. Bxc7 Kxc7 32. Ra7+ Kc6 33. Rxf7 g5
34. Kd3 d5 35. exd5+ Kxd5 36. Rd7+ Kc6 37. Rd8 Bg7 38. Rxh8 Bxh8 39. Kc4 e4 40.
fxe4 Kd6 41. Kxb3 Ke5 42. Re2 Kf4 43. Kc4 Kf3 44. Kd3 Be5 45. b4 g4 46. b5 h5
47. b6 h4 48. b7 g3 49. hxg3 hxg3 50. Re1 Kf2 51. Rb1 g2 52. Kc4 Kf3 53. Kd5
Kf4 54. Rg1 1-0

[Event "X OPEN INTERNACIONAL"]
[Site "Arrasate"]
[Date "2010.10.22"]
[Round "3.6"]
[White "Hernando Casas, Jose Manuel"]
[Black "Irure Crespo, Egoitz"]
[Result "1/2-1/2"]
[WhiteElo "2049"]
[BlackElo "1977"]
[PlyCount "46"]
[EventDate "2010.10.08"]

1. e4 d5 2. exd5 Qxd5 3. Nc3 Qd8 4. d4 Nf6 5. Nf3 c6 6. h3 Bf5 7. Bc4 e6 8. O-O
Nbd7 9. Qe2 Qc7 10. a4 Be7 11. Nh4 Bg6 12. Nxg6 hxg6 13. Re1 Nb6 14. Bb3 Rh4
15. a5 Nbd5 16. Nxd5 exd5 17. c3 Kf8 18. Bc2 Re8 19. Be3 Bd6 20. Qd3 Ne4 21.
Qd1 f5 22. Bxe4 Rhxe4 23. Bd2 Rxe1+ 1/2-1/2

[Event "X OPEN INTERNACIONAL"]
[Site "Arrasate"]
[Date "2010.10.22"]
[Round "3.7"]
[White "Miguelez Garcia, Erlantz"]
[Black "Etxagibel Larrañaga, Asier"]
[Result "1/2-1/2"]
[WhiteElo "1974"]
[BlackElo "1964"]
[PlyCount "44"]
[EventDate "2010.10.08"]

1. d4 d5 2. c4 c6 3. Nf3 Nf6 4. Nc3 a6 5. cxd5 cxd5 6. Bf4 Nc6 7. e3 Bg4 8. Rc1
e6 9. Qb3 Bxf3 10. gxf3 Ra7 11. Na4 Bb4+ 12. Kd1 Bd6 13. Bxd6 Qxd6 14. Nc5 Qc7
15. Nd3 O-O 16. Ne5 Rc8 17. Qa4 b5 18. Bxb5 Nxe5 19. Rxc7 Raxc7 20. dxe5 axb5
21. Qa6 Rc6 22. Qb7 R6c7 1/2-1/2

[Event "X OPEN INTERNACIONAL"]
[Site "Arrasate"]
[Date "2010.10.22"]
[Round "3.9"]
[White "Ruiz Abad, Juan Manuel"]
[Black "Alcaide Rodriguez, Mikel"]
[Result "0-1"]
[WhiteElo "1896"]
[BlackElo "1799"]
[PlyCount "101"]
[EventDate "2010.10.08"]

1. e4 c5 2. Nf3 d6 3. d4 cxd4 4. Qxd4 Nf6 5. Bg5 Nc6 6. Bb5 Qa5+ 7. Nc3 Qxb5 8.
Nxb5 Nxd4 9. Nfxd4 Nxe4 10. Be3 Kd8 11. Nb3 b6 12. a4 Bd7 13. f3 Nc5 14. Nxc5
bxc5 15. b3 g6 16. O-O Bg7 17. Rae1 Bxb5 18. axb5 Bf6 19. c4 a6 20. b6 Kc8 21.
Bd2 a5 22. g4 h6 23. f4 g5 24. fxg5 hxg5 25. Rf3 Rg8 26. Kg2 Kb7 27. Ree3 Kxb6
28. Rh3 Rg6 29. Rh7 e6 30. Rf3 Ra7 31. Kf1 Be5 32. h3 f6 33. Rxa7 Kxa7 34. Bxa5
Rg8 35. Bc3 Bxc3 36. Rxc3 Rf8 37. Re3 f5 38. Rxe6 fxg4+ 39. Kg2 gxh3+ 40. Kxh3
Rf3+ 41. Kg4 Rxb3 42. Kxg5 Rd3 43. Kf4 Kb6 44. Ke4 Rd4+ 45. Ke3 Kc6 46. Re4
Rxe4+ 47. Kxe4 Kd7 48. Ke3 Ke7 49. Kf4 Kf6 50. Ke4 Ke6 51. Kf4 0-1

[Event "X OPEN INTERNACIONAL"]
[Site "Arrasate"]
[Date "2010.10.29"]
[Round "4.1"]
[White "Astasio Lopez, David"]
[Black "Miguel Quintero, Francisco"]
[Result "1/2-1/2"]
[WhiteElo "2317"]
[BlackElo "2251"]
[PlyCount "182"]
[EventDate "2010.10.08"]

1. d4 g6 2. Nf3 Bg7 3. e4 d6 4. Bc4 Nc6 5. O-O Nf6 6. Qe2 Bg4 7. c3 e5 8. Bb5
exd4 9. e5 dxe5 10. Qxe5+ Qe7 11. Qxe7+ Kxe7 12. Bxc6 bxc6 13. Nxd4 Bd7 14.
Re1+ Kd8 15. Bg5 h6 16. Bh4 g5 17. Bg3 Nh5 18. Nd2 Nxg3 19. hxg3 Bxd4 20. cxd4
Be6 21. Ne4 Rb8 22. b3 Rb4 23. Rad1 Re8 24. Nf6 Re7 25. g4 Rb5 26. Rc1 Bd7 27.
Rxe7 Kxe7 28. Ng8+ Kd6 29. Nxh6 Be6 30. f3 Rd5 31. Rc4 Ra5 32. Rc2 c5 33. dxc5+
Rxc5 34. Nf5+ Kd5 35. Rd2+ Ke5 36. Ne3 a5 37. Kf2 a4 38. bxa4 Ra5 39. Rc2 Rxa4
40. Rxc7 Rxa2+ 41. Rc2 Rxc2+ 42. Nxc2 Bb3 43. Ne3 Be6 44. Ke2 Bd7 45. Nc4+ Kd4
46. Ne3 f6 47. Nd1 Ke5 48. Ke3 Bc6 49. Nc3 Bd7 50. Ne4 Bc6 51. Nf2 Bb5 52. Nh3
Kd5 53. Nf2 Ke5 54. g3 Bc6 55. f4+ gxf4+ 56. gxf4+ Ke6 57. Nd1 Kd6 58. Nc3 Ke6
59. Ne2 Bd7 60. Nd4+ Kd5 61. f5 Ke5 62. Nf3+ Kd5 63. Kf4 Kd6 64. Ke3 Kd5 65.
Nh4 Kd6 66. Ng6 Ba4 67. Kf4 Bc2 68. Kg3 Bd1 69. Kh4 Bf3 70. Kh5 Bd1 71. Kh4 Bc2
72. Kg3 Bb1 73. Kf3 Bc2 74. Ke2 Bb1 75. Ke3 Bc2 76. Kd2 Bb1 77. Ke2 Bc2 78. Ke3
Bd1 79. Kf4 Bc2 80. Nh4 Ba4 81. Ng2 Bb5 82. Ne3 Bd3 83. Nd1 Bb5 84. Nf2 Ba4 85.
Kg3 Bc2 86. Kf4 Ba4 87. Ne4+ Ke7 88. g5 fxg5+ 89. Kxg5 Bc2 90. f6+ Kf7 91. Nd6+
Kf8 1/2-1/2

[Event "X OPEN INTERNACIONAL"]
[Site "Arrasate"]
[Date "2010.10.29"]
[Round "4.4"]
[White "Etxagibel Larrañaga, Asier"]
[Black "Ruiz Martinez, Isidro"]
[Result "0-1"]
[WhiteElo "1964"]
[BlackElo "1955"]
[PlyCount "58"]
[EventDate "2010.10.08"]

1. d4 g6 2. c4 Nf6 3. g3 Bg7 4. Bg2 O-O 5. Nc3 d6 6. Nf3 c6 7. O-O Nbd7 8. e4
e5 9. Qc2 Qb6 10. Rd1 exd4 11. Nxd4 Ne5 12. b3 Bg4 13. Nde2 Nf3+ 14. Kh1 Qxf2
15. Rf1 Ne1 16. Rxf2 Nxc2 17. Rb1 Nd7 18. Bg5 Rfe8 19. h3 Bxe2 20. Nxe2 Be5 21.
Kh2 Nc5 22. Rbf1 f6 23. Bxf6 Ne3 24. Bg5 Nxf1+ 25. Rxf1 Rf8 26. Nf4 Rae8 27. b4
Ne6 28. Bh6 Bg7 29. Nxe6 Rxe6 0-1

[Event "X OPEN INTERNACIONAL"]
[Site "Arrasate"]
[Date "2010.10.29"]
[Round "4.5"]
[White "Villalta Bustillo, Igor"]
[Black "Hernando Casas, Jose Manuel"]
[Result "1-0"]
[WhiteElo "2157"]
[BlackElo "2049"]
[PlyCount "101"]
[EventDate "2010.10.08"]

1. e4 e6 2. d4 d5 3. e5 c5 4. c3 Qb6 5. Nf3 Bd7 6. a3 cxd4 7. cxd4 Bb5 8. b4
Bxf1 9. Kxf1 Ne7 10. Nc3 Nec6 11. g3 Nd7 12. Kg2 Be7 13. Na4 Qd8 14. Nc5 b6 15.
Na6 Ncb8 16. Nxb8 Rxb8 17. b5 O-O 18. Bb2 Qc7 19. Rc1 Qb7 20. Qa4 Rbc8 21. Rhd1
Nb8 22. Rc2 Rxc2 23. Qxc2 Rc8 24. Qd3 Rc7 25. Ne1 Qc8 26. Rd2 a6 27. a4 Rc4 28.
Nc2 Rxa4 29. Ne3 axb5 30. Qxb5 Qc6 31. Qd3 Nd7 32. Rc2 Qb7 33. f4 g6 34. h4 h5
35. g4 hxg4 36. Nxg4 Rc4 37. Re2 Qc6 38. Kh1 Bb4 39. h5 gxh5 40. Nf6+ Nxf6 41.
exf6 Kf8 42. Qg3 b5 43. f5 Qd6 44. Qg7+ Ke8 45. fxe6 fxe6 46. Qg8+ Kd7 47. Qf7+
Kd8 48. Rxe6 Qf8 49. Qb7 Rc7 50. Qxd5+ Kc8 51. Ra6 1-0

[Event "X OPEN INTERNACIONAL"]
[Site "Arrasate"]
[Date "2010.10.29"]
[Round "4.6"]
[White "Irure Crespo, Egoitz"]
[Black "Miguelez Garcia, Erlantz"]
[Result "1/2-1/2"]
[WhiteElo "1977"]
[BlackElo "1974"]
[PlyCount "48"]
[EventDate "2010.10.08"]

1. d4 Nf6 2. Nf3 g6 3. Nc3 Bg7 4. e4 d6 5. Be3 O-O 6. Qd2 c6 7. O-O-O a5 8. Bh6
a4 9. Bxg7 Kxg7 10. e5 dxe5 11. dxe5 Qxd2+ 12. Rxd2 Nd5 13. Nxd5 cxd5 14. Rxd5
Be6 15. Rb5 Bxa2 16. Rxb7 Nc6 17. Bb5 Bd5 18. Bxc6 Bxc6 19. Rxe7 a3 20. bxa3
Bxf3 21. gxf3 Rxa3 22. Kd2 Rxf3 23. Ke2 Rc3 24. Kd2 Rfc8 1/2-1/2